[Event "Catalunya-chT Gp1"]
[Site "Barcelona"]
[Date "2023.02.18"]
[Round "5.3"]
[White "Ramirez Garcia, Jorge Alberto"]
[Black "Asis Gargatagli, Hipolito"]
[Result "1/2-1/2"]
[WhiteElo "2275"]
[BlackElo "2501"]
[PlyCount "70"]
[EventDate "2023.01.21"]
[EventType "team-tourn"]
[EventRounds "7"]
[EventCountry "ESP"]
[SourceTitle "CBM 213 Extra"]
[Source "ChessBase"]
[SourceDate "2023.05.31"]
[SourceVersion "1"]
[SourceVersionDate "2023.05.31"]
[SourceQuality "1"]
[WhiteTeam "Ateneu Colon"]
[BlackTeam "Barbera"]
[WhiteTeamCountry "ESP"]
[BlackTeamCountry "ESP"]

1. e4 c5 2. c3 Nf6 3. e5 Nd5 4. Nf3 d6 5. exd6 e6 6. g3 Bxd6 7. Bg2 0-0 8. 0-0 Nc6 9. d4 cxd4 10. Nxd4 Nxd4 11. Qxd4 Qc7 12. c4 Be5 13. Qe4 Nf6 14. Qe2 Bd7 15. Re1 Bd4 16. Bf4 e5 17. Bxe5 Bxe5 18. Qxe5 Rae8 19. Qc3 Rxe1+ 20. Qxe1 Qxc4 21. Nc3 Bc6 22. Qe3 Bxg2 23. Kxg2 Qb4 24. Rd1 b6 25. b3 Qa5 26. Qd2 Qe5 27. Qd4 Qc7 28. Nd5 Qb7 29. Kg1 Nxd5 30. Qxd5 Qa6 31. Rd2 h6 32. Qd3 Qb7 33. Qd5 Qa6 34. Qd3 Qb7 35. Qd5 Qa6 1/2-1/2

[Event "Catalunya-chT Gp1"]
[Site "Barcelona"]
[Date "2023.01.21"]
[Round "?"]
[White "Ramirez Garcia, Jorge Alberto"]
[Black "Campins Machado, Francesc"]
[Result "1/2-1/2"]
[WhiteElo "2275"]
[BlackElo "2164"]
[PlyCount "235"]
[EventDate "2023.01.21"]
[EventType "team-tourn"]
[EventRounds "7"]
[EventCountry "ESP"]
[SourceTitle "CBM 212 Extra"]
[Source "ChessBase"]
[SourceDate "2023.03.31"]
[SourceVersion "1"]
[SourceVersionDate "2023.03.31"]
[SourceQuality "1"]
[WhiteTeam "Ateneu Colon"]
[BlackTeam "Badalona Cor de Marina"]
[WhiteTeamCountry "ESP"]
[BlackTeamCountry "ESP"]

1. e4 c5 2. Nf3 e6 3. c3 Nf6 4. d4 cxd4 5. e5 Nd5 6. cxd4 d6 7. Bc4 Nc6 8. 0-0 Be7 9. Qe2 0-0 10. Nc3 Nxc3 11. bxc3 Qc7 12. Bd3 dxe5 13. dxe5 b6 14. Re1 Bb7 15. Ng5 g6 16. Nxh7 Rfd8 17. Nf6+ Kg7 18. Bf4 Na5 19. Qe3 Rh8 20. Be4 Nc4 21. Qg3 Rad8 22. h4 Bxe4 23. Rxe4 Qc6 24. Rae1 Nd6 25. exd6 Bxf6 26. Be5 Bxe5 27. Qxe5+ Kg8 28. Rd1 Rh5 29. Qf4 Rf5 30. Rc4 Qb5 31. Qe4 Rd5 32. Rxd5 Qxd5 33. Qxd5 exd5 34. Rc7 Rxd6 35. Rxa7 d4 36. cxd4 Rxd4 37. g3 Rd2 38. a4 Ra2 39. Ra6 Kg7 40. Kg2 Ra3 41. g4 Rb3 42. f3 Rb2+ 43. Kg3 Rb4 44. Ra7 Rc4 45. Ra6 Rb4 46. Kf2 Rb3 47. Ke2 Ra3 48. Kf2 Rb3 49. Ra7 Ra3 50. Kg3 Re3 51. Kf4 Re6 52. Rd7 Re1 53. Rd4 Rb1 54. Kg5 b5 55. h5 gxh5 56. Kxh5 b4 57. Kg5 b3 58. Rb4 b2 59. f4 Ra1 60. Rxb2 Rxa4 61. Rb6 Rc4 62. Rd6 Ra4 63. Kf5 Ra5+ 64. Ke4 Ra4+ 65. Ke5 Ra5+ 66. Rd5 Ra6 67. Kf5 Rf6+ 68. Kg5 Rg6+ 69. Kh4 Rh6+ 70. Rh5 Ra6 71. Re5 Rb6 72. Re7 Rb4 73. Kg5 Rb5+ 74. f5 Ra5 75. Kf4 Ra4+ 76. Re4 Ra1 77. g5 Rg1 78. Re3 Rf1+ 79. Kg4 Rh1 80. Rh3 Rg1+ 81. Rg3 Rf1 82. Rg2 Kh7 83. Rh2+ Kg8 84. Rh3 Rg1+ 85. Kf4 Rf1+ 86. Ke5 Kg7 87. Rh6 Re1+ 88. Kf4 Rf1+ 89. Ke4 Re1+ 90. Kd4 Rd1+ 91. Ke3 Re1+ 92. Kf2 Re5 93. Rf6 Ra5 94. Kf3 Ra3+ 95. Kg4 Ra4+ 96. Kh5 Ra5 97. Kg4 Ra4+ 98. Kg3 Ra3+ 99. Kf4 Ra4+ 100. Ke5 Ra5+ 101. Kd6 Ra6+ 102. Ke7 Ra7+ 103. Ke8 Ra8+ 104. Kd7 Ra7+ 105. Kd8 Ra8+ 106. Kc7 Ra5 107. Kb6 Re5 108. Kc6 Ra5 109. Kc7 Rd5 110. Kb6 Re5 111. Kc6 Ra5 112. Kd6 Ra6+ 113. Ke5 Ra5+ 114. Kf4 Ra4+ 115. Kg3 Ra3+ 116. Kg4 Ra4+ 117. Kh5 Ra5 118. Kg4 1/2-1/2

[Event "FRA-chT Top 16 GpA"]
[Site "Chartres"]
[Date "2022.06.14"]
[Round "6.3"]
[White "Parligras, Mircea Emilian"]
[Black "Ramirez Garcia, Jorge Alberto"]
[Result "1/2-1/2"]
[WhiteElo "2579"]
[BlackElo "2242"]
[PlyCount "63"]
[EventDate "2022.06.09"]
[EventType "team-tourn"]
[EventRounds "7"]
[EventCountry "FRA"]
[SourceTitle "CBM 208 Extra"]
[Source "ChessBase"]
[SourceDate "2022.07.31"]
[SourceVersion "1"]
[SourceVersionDate "2022.07.31"]
[SourceQuality "1"]
[WhiteTeam "Grasse Echecs"]
[BlackTeam "Paris Club 608"]
[WhiteTeamCountry "FRA"]
[BlackTeamCountry "FRA"]

1. d4 d5 2. c4 e6 3. Nc3 Nf6 4. cxd5 exd5 5. Bg5 c6 6. e3 Be7 7. Bd3 Nbd7 8. Qc2 h6 9. Bh4 Nh5 10. Bxe7 Qxe7 11. 0-0-0 Nb6 12. Kb1 Bd7 13. Rc1 Nf6 14. Nf3 Be6 15. h3 Nfd7 16. Ne5 Nxe5 17. dxe5 0-0-0 18. f4 d4 19. exd4 Rxd4 20. Ne2 Rd7 21. Rhd1 Nd5 22. f5 Nb4 23. fxe6 Rxd3 24. Qa4 Rhd8 25. Rf1 fxe6 26. Qxa7 Rd2 27. Ng3 Qd7 28. Qa8+ Kc7 29. Qa5+ Kc8 30. Qa8+ Kc7 31. Qa5+ Kc8 32. Qa8+ 1/2-1/2

[Event "FRA-chT Top 16 GpA"]
[Site "Chartres"]
[Date "2022.06.11"]
[Round "3.3"]
[White "Bellahcene, Bilel"]
[Black "Ramirez Garcia, Jorge Alberto"]
[Result "1-0"]
[WhiteElo "2513"]
[BlackElo "2242"]
[PlyCount "83"]
[EventDate "2022.06.09"]
[EventType "team-tourn"]
[EventRounds "7"]
[EventCountry "FRA"]
[SourceTitle "CBM 208 Extra"]
[Source "ChessBase"]
[SourceDate "2022.07.31"]
[SourceVersion "1"]
[SourceVersionDate "2022.07.31"]
[SourceQuality "1"]
[WhiteTeam "Bischwiller"]
[BlackTeam "Paris Club 608"]
[WhiteTeamCountry "FRA"]
[BlackTeamCountry "FRA"]

1. d4 Nf6 2. c4 g6 3. Nc3 Bg7 4. e4 d6 5. h3 0-0 6. Be3 e5 7. d5 c5 8. g4 a6 9. a4 Bd7 10. Nge2 Ne8 11. Qd2 f5 12. gxf5 gxf5 13. exf5 Bxf5 14. Ng3 Nd7 15. Nxf5 Rxf5 16. Bd3 e4 17. Bxe4 Ne5 18. Qe2 Rf8 19. Bg2 Ng6 20. Ne4 Nf4 21. Bxf4 Rxf4 22. 0-0 Qh4 23. Ra3 Rd8 24. Rg3 h6 25. Re1 Nf6 26. Nxf6+ Qxf6 27. Qe6+ Kh8 28. Qxf6 Bxf6 29. Re6 Bg5 30. Rg4 Rxg4 31. hxg4 Kg7 32. Be4 Bf6 33. b3 Bg5 34. Kg2 Kf7 35. Kg3 Bf6 36. f4 Rd7 37. Kf3 Rd8 38. Bf5 Bg7 39. Bg6+ Kf8 40. f5 Bd4 41. f6 Kg8 42. Re8+ 1-0

[Event "Catalunya-chT Gp2"]
[Site "Barcelona"]
[Date "2022.03.12"]
[Round "8.3"]
[White "Ortega Serra, Marc"]
[Black "Ramirez Garcia, Jorge Alberto"]
[Result "1-0"]
[WhiteElo "2294"]
[BlackElo "2262"]
[PlyCount "83"]
[EventDate "2022.01.22"]
[EventType "team-tourn"]
[EventRounds "9"]
[EventCountry "ESP"]
[SourceTitle "CBM 208 Extra"]
[Source "ChessBase"]
[SourceDate "2022.07.31"]
[SourceVersion "1"]
[SourceVersionDate "2022.07.31"]
[SourceQuality "1"]
[WhiteTeam "Cerdanyola Valles"]
[BlackTeam "Salauris"]
[WhiteTeamCountry "ESP"]
[BlackTeamCountry "ESP"]

1. d4 d5 2. c4 dxc4 3. Nf3 Nf6 4. e3 g6 5. Bxc4 Bg7 6. Nc3 0-0 7. b4 Ne8 8. Bb2 Nd6 9. Bb3 a5 10. b5 c6 11. bxc6 bxc6 12. 0-0 Nd7 13. Rc1 Ba6 14. Re1 c5 15. Na4 Rc8 16. e4 cxd4 17. Rxc8 Qxc8 18. Bxd4 Bb7 19. Bxg7 Kxg7 20. Qd4+ Kg8 21. h4 Bc6 22. h5 Bxa4 23. Bxa4 Nf6 24. hxg6 hxg6 25. Bb3 Qg4 26. Ne5 Qh5 27. Nc6 Kg7 28. e5 Rh8 29. exf6+ exf6 30. f3 Qh2+ 31. Kf1 Nf5 32. Qd7 Nd6 33. Re7 Rh4 34. Ne5 Qg3 35. Rxf7+ Nxf7 36. Qxf7+ Kh6 37. Qf8+ Kh5 38. Qh8+ Kg5 39. Nf7+ Kf4 40. Qxf6+ Ke3 41. Qc3+ Kf4 42. Qe5# 1-0

[Event "Catalunya-chT Gp2"]
[Site "Barcelona"]
[Date "2022.02.12"]
[Round "4.4"]
[White "Ramirez Garcia, Jorge Alberto"]
[Black "Tallo Dominguez, Imar"]
[Result "1-0"]
[WhiteElo "2262"]
[BlackElo "2242"]
[PlyCount "143"]
[EventDate "2022.01.22"]
[EventType "team-tourn"]
[EventRounds "9"]
[EventCountry "ESP"]
[SourceTitle "CBM 208 Extra"]
[Source "ChessBase"]
[SourceDate "2022.07.31"]
[SourceVersion "1"]
[SourceVersionDate "2022.07.31"]
[SourceQuality "1"]
[WhiteTeam "Salauris"]
[BlackTeam "Colon Ateneu"]
[WhiteTeamCountry "ESP"]
[BlackTeamCountry "ESP"]

1. e4 d5 2. exd5 Nf6 3. d4 Bg4 4. Be2 Bxe2 5. Qxe2 Qxd5 6. Nf3 e6 7. 0-0 Nc6 8. Be3 0-0-0 9. c4 Qf5 10. Rd1 Rg8 11. a3 g5 12. b4 g4 13. Ne1 Ne4 14. b5 Na5 15. Ra2 h5 16. Rc2 h4 17. Rd3 Bd6 18. Nd2 g3 19. fxg3 hxg3 20. h3 Nf2 21. Bxf2 gxf2+ 22. Qxf2 Qg6 23. Rcc3 Kb8 24. Qf3 f5 25. Qe2 Rde8 26. Ndf3 Qh5 27. Kf1 Qh6 28. Rc2 Qf4 29. Qd2 b6 30. Qxf4 Bxf4 31. Ng1 Nb7 32. Ne2 Bh6 33. Nf3 Nd6 34. Ne5 Ne4 35. Nc3 Rg7 36. Nxe4 fxe4 37. Rd1 Rf8+ 38. Rf2 Rxf2+ 39. Kxf2 e3+ 40. Kf3 Rg8 41. Ng4 Bg5 42. Rd3 Rf8+ 43. Ke2 a6 44. bxa6 Ka7 45. Nxe3 Kxa6 46. g3 Kb7 47. Ng4 Rg8 48. Rf3 c5 49. Rf7+ Ka6 50. dxc5 Rc8 51. Kd3 Rxc5 52. Rf3 Bc1 53. a4 Ka5 54. Rf1 Ba3 55. Re1 Rh5 56. h4 Bd6 57. Nf6 Bxg3 58. Re3 Rxh4 59. Rxg3 Kxa4 60. Ne4 Kb4 61. Rg5 Rh3+ 62. Kd4 e5+ 63. Rxe5 Rh6 64. Rb5+ Ka3 65. Rb1 Ka4 66. Rb5 Rg6 67. Rd5 Rg2 68. Nc3+ Kb3 69. Rb5+ Kc2 70. Ne4 Rg6 71. Kd5 Kd3 72. Nd6 1-0

[Event "Barcelona Vila de Gracia op 25th"]
[Site "Barcelona"]
[Date "2021.11.05"]
[Round "6"]
[White "Ramirez Garcia, Jorge Alberto"]
[Black "Palacin Martin, Ricardo"]
[Result "1/2-1/2"]
[WhiteElo "2257"]
[BlackElo "2005"]
[PlyCount "139"]
[EventDate "2021.10.01"]
[EventType "swiss"]
[EventRounds "9"]
[EventCountry "ESP"]
[SourceTitle "EXT 2023"]
[Source "ChessBase"]
[SourceDate "2022.10.05"]
[SourceVersion "1"]
[SourceVersionDate "2022.10.05"]
[SourceQuality "1"]

1. d4 d5 2. Nc3 e6 3. e4 Nf6 4. e5 Nfd7 5. f4 c5 6. Nf3 Nc6 7. Be3 cxd4 8. Nxd4 Nxd4 9. Bxd4 Bc5 10. Qd2 a6 11. 0-0-0 b5 12. Bxc5 Nxc5 13. Qe3 Qe7 14. Bd3 Bb7 15. Ne2 0-0-0 16. Nd4 Kb8 17. Kb1 Rc8 18. f5 g6 19. g4 Rhe8 20. fxg6 fxg6 21. Rhf1 Rf8 22. g5 Ne4 23. Bxe4 dxe4 24. Rf6 Bd5 25. Rdf1 Rfd8 26. Nxe6 Bxe6 27. Qb6+ Qb7 28. Rxe6 Qxb6 29. Rxb6+ Kc7 30. Rbf6 Rd5 31. Rf7+ Kb6 32. R7f6+ Rc6 33. e6 Re5 34. h4 e3 35. Kc1 e2 36. Re1 Rcxe6 37. Kd2 Rxf6 38. gxf6 Rf5 39. Rxe2 Rxf6 40. Re7 h6 41. Ke3 Kc6 42. c3 Kd5 43. Rd7+ Ke5 44. b3 g5 45. hxg5 hxg5 46. c4 bxc4 47. bxc4 Rg6 48. Rd5+ Ke6 49. Kf3 Ke7 50. Kg4 Rc6 51. c5 Rg6 52. Kf5 Rg8 53. Rd6 Rc8 54. Rd5 Rf8+ 55. Kxg5 Ke6 56. Rd6+ Ke5 57. Rxa6 Rg8+ 58. Kh4 Kd5 59. c6 Rc8 60. Kg5 Rxc6 61. Ra7 Kc5 62. Kf5 Kb6 63. Ra3 Rd6 64. Ke5 Rd2 65. Ke4 Kb7 66. Rb3+ Ka7 67. a3 Rd1 68. Ke3 Rd7 69. Rd3 Rxd3+ 70. Kxd3 1/2-1/2

[Event "Barcelona Vila de Gracia op 25th"]
[Site "Barcelona"]
[Date "2021.10.29"]
[Round "5"]
[White "Picanol Alemany, Antonio"]
[Black "Ramirez Garcia, Jorge Alberto"]
[Result "1/2-1/2"]
[WhiteElo "2216"]
[BlackElo "2257"]
[PlyCount "81"]
[EventDate "2021.10.01"]
[EventType "swiss"]
[EventRounds "9"]
[EventCountry "ESP"]
[SourceTitle "EXT 2023"]
[Source "ChessBase"]
[SourceDate "2022.10.05"]
[SourceVersion "1"]
[SourceVersionDate "2022.10.05"]
[SourceQuality "1"]

1. c4 Nf6 2. g3 c6 3. Nf3 d5 4. b3 Bg4 5. Bg2 e6 6. Bb2 Nbd7 7. 0-0 Bd6 8. d4 0-0 9. Nbd2 h6 10. Re1 Bf5 11. Ne5 Qc7 12. Nd3 Rad8 13. Rc1 Rfe8 14. c5 Bf8 15. b4 a5 16. a3 Ra8 17. Qb3 g5 18. f3 Bg7 19. b5 cxb5 20. Qxb5 Bg6 21. e4 Kf8 22. a4 Nb8 23. Ne5 Bh7 24. c6 Nxc6 25. Nxc6 bxc6 26. Rxc6 Qa7 27. Ba3+ Kg8 28. Bc5 Qd7 29. e5 Rab8 30. Bb6 Bd3 31. Qxd3 Qxc6 32. exf6 Bxf6 33. Bc5 Qxa4 34. Bf1 Rb2 35. Nb1 Reb8 36. Nc3 Qb3 37. Rxe6 fxe6 38. Qg6+ Bg7 39. Bd3 Qxc3 40. Qh7+ Kf7 41. Qg6+ 1/2-1/2

[Event "Barcelona Vila de Gracia op 25th"]
[Site "Barcelona"]
[Date "2021.10.22"]
[Round "4"]
[White "Ramirez Garcia, Jorge Alberto"]
[Black "Comellas Blanchart, Jordi"]
[Result "1-0"]
[WhiteElo "2257"]
[BlackElo "2044"]
[PlyCount "39"]
[EventDate "2021.10.01"]
[EventType "swiss"]
[EventRounds "9"]
[EventCountry "ESP"]
[SourceTitle "EXT 2023"]
[Source "ChessBase"]
[SourceDate "2022.10.05"]
[SourceVersion "1"]
[SourceVersionDate "2022.10.05"]
[SourceQuality "1"]

1. d4 d5 2. Nc3 Nf6 3. Bf4 e6 4. Nb5 Na6 5. e3 c6 6. Nc3 Nb8 7. Nf3 Be7 8. Bd3 0-0 9. Ne5 c5 10. dxc5 Bxc5 11. e4 dxe4 12. Nxe4 Nxe4 13. Bxe4 Qb6 14. 0-0 Qxb2 15. Nd3 Qd4 16. Nxc5 Qxc5 17. Bd6 Qg5 18. Bxf8 Kxf8 19. Rb1 Qe7 20. Bxb7 1-0

[Event "Seville IM"]
[Site "Seville"]
[Date "2021.07.09"]
[Round "8"]
[White "Ramirez Garcia, Jorge Alberto"]
[Black "Starostits, Ilmars"]
[Result "0-1"]
[WhiteElo "2305"]
[BlackElo "2457"]
[PlyCount "130"]
[EventDate "2021.07.05"]
[EventType "tourn"]
[EventRounds "9"]
[EventCountry "ESP"]
[EventCategory "3"]
[SourceTitle "CBM 203 Extra"]
[Source "ChessBase"]
[SourceDate "2021.09.30"]
[SourceVersion "1"]
[SourceVersionDate "2021.09.30"]
[SourceQuality "1"]

1. e4 c6 2. d4 d5 3. Nd2 dxe4 4. Nxe4 Bf5 5. Ng3 Bg6 6. Nf3 Nd7 7. Bd3 e6 8. 0-0 Ngf6 9. Re1 Be7 10. c4 0-0 11. Bxg6 hxg6 12. Bf4 a5 13. Qe2 a4 14. Rad1 Bb4 15. Rf1 a3 16. b3 Qa5 17. Rd3 Rfe8 18. Rfd1 c5 19. Ne5 cxd4 20. Rxd4 Nc5 21. Qc2 Bc3 22. Rd6 Bb4 23. Nd3 e5 24. Bd2 Bxd2 25. Nxc5 Bb4 26. Nxb7 Qc7 27. c5 Qxb7 28. Rb6 Qc7 29. Rxb4 Rad8 30. Rc4 Rxd1+ 31. Qxd1 Rd8 32. Qc2 Qc6 33. h3 Nd5 34. Ne2 f5 35. b4 e4 36. Qb3 Kh7 37. Rd4 Rd7 38. Qc4 Nc7 39. Nc3 Ne6 40. Rxd7 Qxd7 41. Qd5 Qe7 42. Qd6 Qf6 43. Qd2 Nf4 44. Qxf4 Qxc3 45. Qh4+ Kg8 46. Qd8+ Kh7 47. Qh4+ Kg8 48. Qd8+ Kh7 49. Kh2 Qe5+ 50. g3 Qb2 51. Qh4+ Kg8 52. Qd8+ Kh7 53. Qh4+ Kg8 54. Qf4 Qxa2 55. c6 Qc2 56. Qb8+ Kh7 57. Qa7 a2 58. c7 e3 59. c8Q Qxf2+ 60. Kh1 Qe1+ 61. Kg2 Qd2+ 62. Kg1 e2 63. Qc4 e1Q+ 64. Qf1 Qxf1+ 65. Kxf1 Qd1+ 0-1

[Event "FRA-chT Top 12"]
[Site "Chalons en Champagne"]
[Date "2021.06.24"]
[Round "1.2"]
[White "Vocaturo, Daniele"]
[Black "Ramirez Garcia, Jorge Alberto"]
[Result "1-0"]
[WhiteElo "2617"]
[BlackElo "2305"]
[PlyCount "81"]
[EventDate "2021.06.24"]
[EventType "team-tourn"]
[EventRounds "11"]
[EventCountry "FRA"]
[SourceTitle "CBM 203 Extra"]
[Source "ChessBase"]
[SourceDate "2021.09.30"]
[SourceVersion "1"]
[SourceVersionDate "2021.09.30"]
[SourceQuality "1"]
[WhiteTeam "Clichy Echecs 92"]
[BlackTeam "Paris Club 608"]
[WhiteTeamCountry "FRA"]
[BlackTeamCountry "FRA"]

1. e4 e6 2. d4 d5 3. Nc3 Nf6 4. Bg5 dxe4 5. Nxe4 Be7 6. Bxf6 Bxf6 7. Nf3 Nd7 8. Qd2 0-0 9. 0-0-0 Be7 10. Qf4 c5 11. dxc5 Qa5 12. Kb1 Nxc5 13. Nxc5 Qxc5 14. Bd3 Qb4 15. Qe3 f6 16. c3 Qc5 17. Qe4 g6 18. Bc4 Qxf2 19. Bxe6+ Bxe6 20. Qxe6+ Rf7 21. Ne5 fxe5 22. Rhf1 Qxf1 23. Rxf1 Raf8 24. Rxf7 Rxf7 25. Qxe5 a6 26. Qb8+ Bf8 27. b4 h5 28. c4 Kh7 29. c5 Bg7 30. Kc2 Re7 31. h3 Rf7 32. Qc8 Kh6 33. Kd3 Re7 34. a4 Rf7 35. Qe6 Rf6 36. Qd7 a5 37. Qxb7 axb4 38. c6 b3 39. c7 b2 40. c8Q Rf1 41. Qxg7+ 1-0

[Event "Barcelona Sant Andreu IM"]
[Site "Barcelona"]
[Date "2019.09.21"]
[Round "2"]
[White "Ramirez Garcia, Jorge Alberto"]
[Black "Barbero Sendic, Alejandro"]
[Result "1-0"]
[WhiteElo "2269"]
[BlackElo "2346"]
[PlyCount "119"]
[EventDate "2019.09.14"]
[EventType "tourn"]
[EventRounds "9"]
[EventCountry "ESP"]
[EventCategory "4"]
[SourceTitle "CBM 195 Extra"]
[Source "ChessBase"]
[SourceDate "2020.05.31"]
[SourceVersion "1"]
[SourceVersionDate "2020.05.31"]
[SourceQuality "1"]

1. e4 e6 2. d4 d5 3. exd5 exd5 4. Nf3 Nf6 5. Bd3 Bd6 6. Qe2+ Qe7 7. Qxe7+ Kxe7 8. 0-0 Nc6 9. Re1+ Kf8 10. c3 h6 11. Ne5 Ne7 12. b3 g6 13. Na3 a6 14. Nc2 Kg7 15. f3 Bf5 16. Bxf5 Nxf5 17. Nd3 Rhe8 18. Bf4 a5 19. a4 Rxe1+ 20. Rxe1 Ra6 21. Bxd6 Nxd6 22. Ne3 c6 23. Nc5 Ra8 24. Kf2 Rb8 25. Ra1 b6 26. Nd3 Nd7 27. c4 c5 28. Nxd5 cxd4 29. Rd1 Nc5 30. Nc1 Ne6 31. Ne2 Nb7 32. Nxd4 Nbc5 33. Nc6 Rc8 34. Nce7 Re8 35. Rb1 Nd4 36. b4 axb4 37. Rxb4 Nd3+ 38. Ke3 Nxb4 39. Kxd4 Na6 40. Nc6 Re6 41. Ncb4 Nb8 42. c5 bxc5+ 43. Kxc5 Kf8 44. a5 h5 45. h4 Re2 46. Kb6 Re6+ 47. Kc5 f6 48. Nf4 Re5+ 49. Kb6 Kf7 50. a6 Nxa6 51. Kxa6 g5 52. hxg5 Rxg5 53. Nbd5 h4 54. Ne3 Rc5 55. Kb6 Re5 56. Ng4 Rg5 57. Kc6 f5 58. Ne5+ Kf6 59. Kd6 Rxg2 60. Nxg2 1-0

[Event "Barcelona Sant Andreu IM"]
[Site "Barcelona"]
[Date "2019.09.14"]
[Round "1"]
[White "Ramirez Garcia, Jorge Alberto"]
[Black "Sama Salinas, Hector"]
[Result "0-1"]
[WhiteElo "2269"]
[BlackElo "2290"]
[PlyCount "136"]
[EventDate "2019.09.14"]
[EventType "tourn"]
[EventRounds "9"]
[EventCountry "ESP"]
[EventCategory "4"]
[SourceTitle "CBM 195 Extra"]
[Source "ChessBase"]
[SourceDate "2020.05.31"]
[SourceVersion "1"]
[SourceVersionDate "2020.05.31"]
[SourceQuality "1"]

1. d4 Nf6 2. Bg5 Ne4 3. Bf4 c5 4. d5 Qb6 5. Nd2 Nf6 6. e4 d6 7. f3 e5 8. dxe6 Bxe6 9. Bc4 d5 10. exd5 Nxd5 11. Bxd5 Bxd5 12. Qe2+ Be6 13. 0-0-0 Qa6 14. Qxa6 Nxa6 15. Ne4 Be7 16. Ne2 0-0 17. Bd6 Bxd6 18. Nxd6 b6 19. Nf4 Nc7 20. Rd2 Rfd8 21. Rhd1 Kf8 22. a4 Rd7 23. b3 Rad8 24. Kb2 g5 25. Nxe6+ Nxe6 26. c3 Nc7 27. Kc2 Ne8 28. Ne4 Rxd2+ 29. Rxd2 Rxd2+ 30. Kxd2 h6 31. Kd3 f5 32. Nd2 Ke7 33. Kc4 Kd6 34. b4 Kc6 35. b5+ Kd6 36. Nf1 Ke5 37. Ne3 Nd6+ 38. Kd3 h5 39. Nc4+ Nxc4 40. Kxc4 g4 41. fxg4 fxg4 42. g3 Ke4 43. a5 Kf3 44. axb6 axb6 45. Kd5 Kg2 46. Kc6 Kxh2 47. Kxb6 h4 48. Kc6 hxg3 49. b6 g2 50. b7 g1Q 51. b8Q+ g3 52. Qh8+ Kg2 53. Qe5 Qf2 54. c4 Kg1 55. Qa1+ Qf1 56. Qe5 Qf2 57. Qa1+ Kg2 58. Qe5 Qd4 59. Qe2+ Kg1 60. Qe1+ Kh2 61. Kb5 g2 62. Qe2 Kg3 63. Qe1+ Kf3 64. Qb1 g1Q 65. Qf5+ Ke2 66. Qc2+ Ke3 67. Qf5 Qgg4 68. Qc2 Qgd7+ 0-1

[Event "Barcelona Sants op 20th"]
[Site "Barcelona"]
[Date "2018.08.19"]
[Round "3"]
[White "Ramirez Garcia, Jorge Alberto"]
[Black "Swiercz, Dariusz"]
[Result "0-1"]
[WhiteElo "2314"]
[BlackElo "2669"]
[PlyCount "88"]
[EventDate "2018.08.17"]
[EventType "swiss"]
[EventRounds "10"]
[EventCountry "ESP"]
[SourceTitle "CBM 186 Extra"]
[Source "ChessBase"]
[SourceDate "2018.08.24"]
[SourceVersion "1"]
[SourceVersionDate "2018.08.24"]
[SourceQuality "1"]

1. e4 c5 2. c3 d5 3. exd5 Qxd5 4. d4 Nf6 5. Nf3 e6 6. Be3 cxd4 7. cxd4 Bb4+ 8. Nc3 0-0 9. Bd3 Bd7 10. 0-0 Bxc3 11. bxc3 Bb5 12. Bxb5 Qxb5 13. Qb3 Qa6 14. Rab1 b6 15. Ne5 Rc8 16. Rfc1 Nc6 17. Nc4 Na5 18. Nxa5 Qxa5 19. c4 Rc6 20. Rc2 Rac8 21. Rbc1 Qf5 22. a4 h6 23. h3 Nd5 24. a5 bxa5 25. c5 Nb4 26. Rc3 R6c7 27. Qa4 Nc6 28. Rc4 Rb7 29. Qa2 Rcb8 30. Qa4 Qd5 31. Bd2 Rb5 32. Qa1 e5 33. Be3 Qxc4 34. Rxc4 Rb1+ 35. Qxb1 Rxb1+ 36. Kh2 exd4 37. Rc1 Rxc1 38. Bxc1 f6 39. Kg3 Kf7 40. Kf4 Ke6 41. g4 Kd5 42. h4 Ne5 43. Kf5 d3 44. f4 Nc4 0-1

[Event "Montcada op-A 26th"]
[Site "Montcada"]
[Date "2018.07.01"]
[Round "8"]
[White "Ramirez Garcia, Jorge Alberto"]
[Black "Del Amo Carbo, Jordi"]
[Result "1/2-1/2"]
[WhiteElo "2330"]
[BlackElo "2185"]
[PlyCount "87"]
[EventDate "2018.06.25"]
[EventType "swiss"]
[EventRounds "9"]
[EventCountry "ESP"]
[SourceTitle "EXT 2019"]
[Source "ChessBase"]
[SourceDate "2018.10.10"]
[SourceVersion "1"]
[SourceVersionDate "2018.10.10"]
[SourceQuality "1"]

1. e4 e5 2. Nf3 Nc6 3. d4 exd4 4. Nxd4 Bc5 5. Nxc6 Qf6 6. Qf3 bxc6 7. Nd2 Qxf3 8. gxf3 Ne7 9. Nb3 Bb6 10. a4 a5 11. Be3 Bxe3 12. fxe3 d6 13. Rg1 0-0 14. 0-0-0 Ng6 15. Nd4 Bd7 16. Rg5 Rfe8 17. b3 Kf8 18. Be2 Re5 19. Rg3 c5 20. Nb5 Bxb5 21. Bxb5 Rh5 22. Rd2 Ne7 23. f4 c6 24. Bd3 Rd8 25. Rdg2 d5 26. Kb2 g6 27. Kc3 f5 28. e5 Rh4 29. Rf2 Kf7 30. Bf1 Ke6 31. Kd3 Rb8 32. Rh3 Rxh3 33. Bxh3 h6 34. Bf1 g5 35. Rg2 Rg8 36. Be2 g4 37. Bd1 h5 38. c3 h4 39. Ke2 Rb8 40. Kf1 Rg8 41. Rb2 Rb8 42. Rb1 Nc8 43. Bc2 Nb6 44. Kf2 1/2-1/2

[Event "Barcelona Sant Marti op-A 18th"]
[Site "Barcelona"]
[Date "2016.07.21"]
[Round "9"]
[White "Ramirez Garcia, Jorge Alberto"]
[Black "Jayakumaar, S."]
[Result "0-1"]
[WhiteElo "2264"]
[BlackElo "2151"]
[PlyCount "90"]
[EventDate "2016.07.13"]
[EventType "swiss"]
[EventRounds "9"]
[EventCountry "ESP"]
[SourceTitle "CBM 173 Extra"]
[Source "ChessBase"]
[SourceDate "2016.08.29"]
[SourceVersion "1"]
[SourceVersionDate "2016.08.29"]
[SourceQuality "1"]

1. d4 d5 2. c4 e6 3. Nc3 Be7 4. Nf3 Nf6 5. Bf4 0-0 6. e3 Nbd7 7. a3 c5 8. cxd5 exd5 9. Bd3 c4 10. Bf5 Re8 11. 0-0 Nf8 12. Qc2 g6 13. Bxc8 Rxc8 14. Rad1 a6 15. a4 N8d7 16. Ne5 Bb4 17. Bg5 Qa5 18. Bxf6 Nxf6 19. Ne2 Qb6 20. h3 Ne4 21. Nf4 Qd6 22. f3 Ng3 23. Rf2 Ba5 24. Kh2 Nf5 25. Re2 f6 26. Ng4 Nxe3 27. Rxe3 Rxe3 28. g3 Rxf3 29. Qe2 Rxf4 30. gxf4 Qxf4+ 31. Kg2 Rf8 32. Qe6+ Kg7 33. Qxd5 Bc7 34. Nf2 Qg5+ 35. Qxg5 fxg5 36. Ne4 Bf4 37. Nc5 Rf6 38. a5 Be3 39. Ne4 Rf4 40. Nxg5 Rf2+ 41. Kg3 Rxb2 42. Ne4 Rb3 43. Nc5 Ra3 44. Kg2 c3 45. Re1 c2 0-1

[Event "Montcada op-A 24th"]
[Site "Montcada"]
[Date "2016.06.26"]
[Round "2"]
[White "Munoz Pantoja, Miguel Angel"]
[Black "Ramirez Garcia, Jorge Alberto"]
[Result "1-0"]
[WhiteElo "2454"]
[BlackElo "2264"]
[PlyCount "55"]
[EventDate "2016.06.25"]
[EventType "swiss"]
[EventRounds "9"]
[EventCountry "ESP"]
[EventCategory "8"]
[SourceTitle "CBM 173 Extra"]
[Source "ChessBase"]
[SourceDate "2016.08.29"]
[SourceVersion "1"]
[SourceVersionDate "2016.08.29"]
[SourceQuality "1"]

1. e4 e6 2. d4 d5 3. Nd2 c5 4. dxc5 Bxc5 5. Bd3 Nf6 6. Qe2 Nc6 7. Ngf3 0-0 8. 0-0 Qc7 9. c4 dxc4 10. Nxc4 e5 11. Be3 Bxe3 12. Nxe3 Be6 13. Rfc1 Rac8 14. Rc3 Qd7 15. Qe1 Nb4 16. Bc4 Bxc4 17. Nxc4 Qg4 18. Nfxe5 Qxe4 19. Re3 Qc2 20. Re2 Qa4 21. b3 Qb5 22. Nd6 Qa6 23. Nxc8 Rxc8 24. Rd1 g6 25. Nxf7 Kxf7 26. Re7+ Kg8 27. Qxb4 Qxa2 28. Qc4+ 1-0